Library Banner
Normal view MARC view

Entry Topical Term

Number of records used in: 1

001 - CONTROL NUMBER

  • control field: 13196

003 - CONTROL NUMBER IDENTIFIER

  • control field: PK-LaUMT

005 - DATE AND TIME OF LATEST TRANSACTION

  • control field: 20260624173828.0

008 - FIXED-LENGTH DATA ELEMENTS

  • fixed length control field: 260624|| aca||aabn | a|a d

040 ## - CATALOGING SOURCE

  • Original cataloging agency: PK-LaUMT
  • Transcribing agency: PK-LaUMT

150 ## - HEADING--TOPICAL TERM

  • Topical term or geographic name as entry element: Athletic Injuries-prevention & control

670 ## - SOURCE DATA FOUND

  • Source citation: Work cat.: (PK-LaUMT)141270: Bundy, Mike 13194, A guide to sports and injury management /, 2010